| 000 | 00545nam a2200193Ia 4500 | ||
|---|---|---|---|
| 003 | GCL | ||
| 008 | 140319s9999 xx 000 0 ara d | ||
| 040 |
_aGCL / _cGCL |
||
| 082 | 0 | 4 |
_a910.02 _bى ج |
| 100 | 1 | _aيسرى الجوهرى | |
| 245 | 1 | 0 |
_aالجغرافيا المناخية / _cيسرى الجوهرى |
| 260 |
_a[S.N] : _bمؤسسة شباب الجامعة ، _c1981 |
||
| 300 | _a333 ص | ||
| 490 | _a | ||
| 650 | 0 | 4 | _aالجغرافيا الطبيعية |
| 650 | 0 | 4 | _aالمناخ |
| 650 | 0 | 4 | _aالطقس |
| 942 |
_2ddc _cBK |
||
| 999 |
_c52434 _d52434 |
||